000 00298nam a22001337a 4500
008 170928b xxu||||| |||| 00| 0 eng d
020 _a9780023564208
041 _aeng
080 _26TH
_a37
100 _a47
101 _aEDU
245 _aA HANDBOOK TO LITERATURE
_cHOLMAN,C.H
942 _2udc
_cBK
999 _c30339
_d30339